000 00536nam a2200193 a 4500
001 47935
003 BD-RjUL
005 20211209054427.0
008 190811s1966 pak 000 0 eng
035 _a(BD-RjUL)48054
040 _aDLC
_cDLC
_dDLC
_dBD-RjUL
_beng
041 _aeng
082 0 0 _a345.10410263
_223
_bIMP 1966
245 1 0 _aImportant labour laws /
260 _aKarachi :
_bBureau of Labour Publications,
_c1966,
300 _a114 p. ;
_c20 cm.
650 0 _aLabor laws and legislation
_zPakistan
_9145468
942 _2ddc
_cBK
999 _c47935
_d47935